Operating System Concepts (Record no. 24661)

000 -LEADER
fixed length control field 00212nam a22000857a 4500
003 - CONTROL NUMBER IDENTIFIER
control field Nust
005 - DATE AND TIME OF LATEST TRANSACTION
control field 20170519132932.0
008 - FIXED-LENGTH DATA ELEMENTS--GENERAL INFORMATION
fixed length control field 140618b xxu||||| |||| 00| 0 eng d
020 ## - INTERNATIONAL STANDARD BOOK NUMBER
Terms of availability Available
International Standard Book Number 9781118063330
040 ## - CATALOGING SOURCE
Original cataloging agency DLC
Language of cataloging DLC
Transcribing agency RCMS
050 ## - LIBRARY OF CONGRESS CALL NUMBER
Classification number 005.43 SIL
082 ## - DEWEY DECIMAL CLASSIFICATION NUMBER
Edition number 9th,ed.
Classification number 005.43 SIL
100 ## - MAIN ENTRY--PERSONAL NAME
Personal name Abraham Silberschatz
9 (RLIN) 1239
245 ## - TITLE STATEMENT
Title Operating System Concepts
260 ## - PUBLICATION, DISTRIBUTION, ETC.
Place of publication, distribution, etc. USA
Name of publisher, distributor, etc. John Wiley & Sons, Inc.
Date of publication, distribution, etc. c2013.
300 ## - PHYSICAL DESCRIPTION
Extent xxii, 919 p. :
Other physical details ill. ;
Dimensions 28 cm.
538 ## - SYSTEM DETAILS NOTE
Display text Shelf # 12, Row # 1, System Engineering.
650 ## - SUBJECT ADDED ENTRY--TOPICAL TERM
Topical term or geographic name entry element Computer Software
9 (RLIN) 1229
856 ## - ELECTRONIC LOCATION AND ACCESS
Materials specified Table of Contents Only
942 ## - ADDED ENTRY ELEMENTS (KOHA)
Source of classification or shelving scheme
Koha item type Book
Edition 9th, ed.
Call number prefix 005.43 SIL
Holdings
Withdrawn status Lost status Source of classification or shelving scheme Damaged status Not for loan Permanent Location Current Location Shelving location Date acquired Total Checkouts Barcode Date last seen Price effective from Koha item type
          School of Interdisciplinary Engineering and Sciences (SINES) School of Interdisciplinary Engineering and Sciences (SINES) General Stacks 06/18/2014   RCMS002611 06/18/2014 06/18/2014 Book
© 2023 Central Library, National University of Sciences and Technology. All Rights Reserved.